🎶 Paroles "Kid" (Réécriture) Barbara Pravi - Statistiques

Statistiques générales
  • Ce quiz a été pris 45 fois
  • Le résultat moyen est 222 sur 366
Statistiques - réponses
Mots % Correct
t'
100%
Vénus,
100%
faces
97%
ma
97%
S'
97%
Tu
97%
tu
97%
fille,
93%
se
93%
l'
90%
likes,
90%
seras
90%
C'
87%
c'
87%
a
83%
à
83%
Athéna
83%
D'
83%
d'
83%
duck
83%
il
83%
Il
83%
j'
83%
je
80%
n'
80%
Au
77%
de
77%
De
77%
Photoshop,
77%
Qu'
77%
qu'
77%
et
73%
Et
73%
ne
73%
qui
73%
veux
73%
que
70%
Que
70%
sa
70%
voir
70%
ai
67%
le
67%
Les
67%
les
67%
ou
67%
67%
un
67%
aucun
63%
est
63%
joli
63%
pas
63%
ton
63%
tout
63%
bien
60%
Des
60%
des
60%
dire
60%
la
60%
minois,
60%
Ni
60%
ni
60%
plus
60%
Si
60%
te
60%
une
60%
as
57%
belle
57%
du
57%
en
57%
jolie
57%
mais
57%
mais,
57%
pour
57%
Pour
57%
Sur
57%
y
57%
aucune
53%
ces
53%
dans
53%
gentille
53%
noircir
53%
quand,
53%
quand
53%
ta
53%
ça
50%
femme
50%
filles,
50%
quelle
50%
Réseaux
50%
toi,
50%
vie ?
50%
vrai ?
50%
abondance
47%
air
47%
aujourd'hui,
47%
aujourd'hui ?
47%
bon,
47%
bon
47%
cette
47%
choix
47%
deux
47%
être
47%
même
47%
mère
47%
moi,
47%
once
47%
ose
47%
part,
47%
place,
47%
place
47%
sans
47%
Sans
47%
sois
47%
taire
47%
Toutes
47%
veulent
47%
voire
47%
aimer,
43%
amour
43%
aux
43%
compromis
43%
compte
43%
Dieu
43%
docile
43%
embobine
43%
épingle
43%
faire
43%
fatigue,
43%
faut
43%
folle
43%
fond
43%
jeu
43%
monde
43%
parfait
43%
pouvoir
43%
quoi,
43%
raisons
43%
rimmel
43%
rose
43%
sait,
43%
selfies,
43%
sens,
43%
ses
43%
suis
43%
teint
43%
tes
43%
tirer
43%
avouer
40%
briller
40%
celles
40%
consciente
40%
contrarié,
40%
cours
40%
course
40%
déjà
40%
devrais
40%
Dis-
40%
dis-
40%
esthétique,
40%
éviter
40%
fané
40%
minceur,
40%
pièges,
40%
puisses
40%
remercier
40%
réussir
40%
rôle,
40%
truqué
40%
agace
37%
délirant,
37%
doit
37%
entretenir
37%
foyer
37%
gestes,
37%
habile
37%
lubriques
37%
lutté
37%
ont
37%
pourras
37%
risque,
37%
ronge
37%
silhouette,
37%
souffrir
37%
surpasser
37%
tenir,
37%
vivre
37%
accablée,
33%
balancer,
33%
comme
33%
dicte
33%
jouer
33%
jusqu'
33%
regards
33%
savoir
33%
sortir
33%
Déréglé,
30%
iras
30%
masse
30%
mettre
30%
Parce
30%
sont
30%
toujours
30%
verdict
30%
voudrais
30%
clavier
27%
diktats,
27%
figures
27%
imposées,
27%
cernes,
23%
presque
23%
travailler,
23%
vivras
23%
Aucun quiz correspondant
Distribution des résultats
% des personnes avec chaque résultat
Percentile par nombre de réponses
Votre historique - résultats
Vous n’avez pas pris ce quiz